000 01022nam a2200265Ia 4500
003 OSt
005 20221005102946.0
006 a|||||r|||| 00| 0
007 ta
008 221004b |||||||| |||| 00| 0 mar d
020 _a8185957339 (pbk)
024 _a27364
037 _bGift, 22/07/2016,
_cTextual
040 _aCRL
_cCRL
_bmar
041 _2mar
_amar
082 _aO155(Y5927),6(w,1):g, 152P7
100 _aहाड़े, गुलाबराव
245 0 _aमराठी दलित साहित्य
_b आत्मकथा के मीलस्तंभ
246 _aMarāṭhī dalit sāhitya: ātmakathā ke mīlastanbha
260 _aइलाहाबाद
_bजयभारती प्रकाशन भारत
_c2007
300 _a224पृ0
_ccm.
650 _aमराठी साहित्य
942 _hO155(Y5927),6(w,1):g, 152P7
_cTEXL
_2cc
999 _c1009159
_d1009159